000 00284nam a2200109Ia 4500
008 200302s9999 xx 000 0 und d
100 _aWalter R. Jaggard
245 _aArchitectural Building Consturction
260 _bCambridge At the University Press
260 _c1945
300 _a287 P.,
999 _c10
_d10